Minecraft Wood Types - Statistics

General Stats
  • This quiz has been taken 195 times
  • The average score is 8 of 10
Answer Stats
Hint Answer % Correct
Overworld Oak
100%
Overworld Birch
95%
Overworld Dark Oak
94%
Overworld Spruce
87%
Overworld Acacia
78%
Overworld Jungle
78%
Overworld Cherry
68%
Nether Warped
66%
Nether Crimson
64%
Overworld Mangrove
54%
No matching quizzes found
Score Distribution
Percent of People with Each Score
Percentile by Number Answered
Your Score History
You have not taken this quiz